000 00872nam a2200241 a 4500
001 000022102
005 20200930011601.0
008 100916s1980 cu a 000 0 spa d
040 _aDO-SdBNP
_bspa
_cBNPHU
082 _a972.85052
_bW565f
100 1 _aWheelock Román, Jaime.
_938888
245 1 0 _aFrente sandinista :
_bhacia la ofensiva final /
_cJaime Wheelock Román ; edición Ernesto Chávez Álvarez.
260 _aLa Habana, (Cuba) :
_bEditorial Ciencias Sociales,
_c1980.
300 _a117 p. :
_bil. ;
_c19 cm.
490 1 _aEdiciones especiales
610 1 2 _aFRENTE SANDINISTA DE LIBERACIÓN NACIONAL
_916738
651 4 _aNicaragua
_xPolítica Y Gobierno
_910690
651 4 _aNicaragua
_xHistoria
_923268
650 4 _aRehenes
_zNicaragua
_945794
700 1 _aChávez Álvarez, Ernesto,
_eed.
_95573
830 0 _aEdiciones especiales
_94633
049 _aBNGR
999 _c21600
_d21600